[Event "20th EUR-ch"]
[Site "Skopje MKD"]
[Date "2019.03.22"]
[Round "5"]
[White "Mazur, Stefan"]
[Black "Azadaliyev, Jahandar"]
[Result "1-0"]
[WhiteElo "2441"]
[BlackElo "1863"]
[EventDate "2019.03.18"]
[Board "115"]
[PlyCount "93"]

1.e4 c6 2.d4 d5 3.Nd2 dxe4 4.Nxe4 Nd7 5.Ng5 Ngf6 6.Bd3 e6 7.N1f3 Bd6 8.Qe2
h6 9.Ne4 Nxe4 10.Qxe4 Nf6 11.Qe2 Qc7 12.Bd2 b6 13.O-O-O Bb7 14.Ne5 O-O-O 
15.f4 g6 16.Kb1 Kb8 17.c4 Rhe8 18.Bc3 Nh5 19.Rhf1 Bxe5 20.fxe5 Rd7 21.Qe3 
c5 22.g4 cxd4 23.Bxd4 Red8 24.Be2 Ng7 25.c5 Qc6 26.cxb6 Qe4+ 27.Qxe4 Bxe4+
28.Kc1 Rxd4 29.Rxd4 Rxd4 30.bxa7+ Ka8 31.Rxf7 Ne8 32.Bb5 Rd8 33.Ba6 Bc6 
34.Re7 Bd7 35.h4 Nc7 36.Bd3 g5 37.h5 Kxa7 38.Rh7 Kb6 39.Rxh6 Kc5 40.Bc2 
Kd4 41.Rg6 Nd5 42.h6 Ne3 43.h7 Rf8 44.Bf5 Rc8+ 45.Kb1 exf5 46.Rg8 fxg4 47.
e6 1-0

[Event "20th EUR-ch"]
[Site "Skopje MKD"]
[Date "2019.03.22"]
[Round "5"]
[White "Tadic, Stefan"]
[Black "Pultinevicius, Paulius"]
[Result "0-1"]
[WhiteElo "2223"]
[BlackElo "2439"]
[EventDate "2019.03.18"]
[Board "116"]
[PlyCount "92"]

1.e4 c6 2.d4 d5 3.e5 Bf5 4.h4 Qb6 5.Nc3 h5 6.Nf3 e6 7.Bd3 Bg4 8.Na4 Qc7 9.
Bf4 Nd7 10.Qd2 Ne7 11.Ng5 Bf5 12.O-O Bxd3 13.Qxd3 Nf5 14.g3 Rc8 15.Rad1 c5
16.Nxc5 Nxc5 17.dxc5 Bxc5 18.Kh2 Be7 19.c3 Qc4 20.Qxc4 Rxc4 21.Kh3 b5 22.
Bd2 a5 23.Rc1 O-O 24.f3 Rfc8 25.g4 Nh6 26.gxh5 Nf5 27.f4 Kf8 28.Rg1 Bd8 
29.Nf3 Bb6 30.Rge1 Ke7 31.Kg4 R4c7 32.Ra1 a4 33.b3 Ba5 34.b4 Bb6 35.Rac1 
Rd7 36.a3 Rdd8 37.Ng1 Bxg1 38.Rxg1 Rc4 39.Kh3 d4 40.cxd4 Rdxd4 41.Rxc4 
Rd3+ 42.Kg4 bxc4 43.Bc1 Kd7 44.Rg2 Kc6 45.Kg5 Kb5 46.h6 Nxh6 0-1

[Event "20th EUR-ch"]
[Site "Skopje MKD"]
[Date "2019.03.22"]
[Round "5"]
[White "Kalogeris, Ioannis"]
[Black "Volokytin, Andriy"]
[Result "0-1"]
[WhiteElo "2368"]
[BlackElo "2635"]
[EventDate "2019.03.18"]
[Board "117"]
[PlyCount "92"]

1.Nf3 d5 2.b3 Bf5 3.Bb2 e6 4.g3 h6 5.Bg2 Nf6 6.c4 c6 7.O-O Nbd7 8.d3 Bc5 
9.a3 a5 10.cxd5 exd5 11.Nh4 Be6 12.Nc3 O-O 13.d4 Be7 14.Nf3 Ne4 15.Ne1 Bf5
16.Nxe4 dxe4 17.d5 Nc5 18.b4 axb4 19.axb4 Rxa1 20.Qxa1 Nb3 21.Qa3 Qxd5 22.
Nc2 Be6 23.Bc3 Bf6 24.Ne3 Qg5 25.h4 Qg6 26.Qb2 Rd8 27.Rd1 Rxd1+ 28.Nxd1 
Bxc3 29.Qxc3 Qh5 30.Kf1 Bc4 31.Qc2 Qb5 32.Nc3 Qxb4 33.Bxe4 Nd4 34.Qd2 
Bxe2+ 35.Kg2 g6 36.Qe3 Bg4 37.h5 Bxh5 38.f3 f5 39.Nd5 Qb2+ 40.Kh3 cxd5 41.
Bxd5+ Kf8 42.Qxh6+ Ke7 43.Qg7+ Kd6 44.Bxb7 Qa1 45.g4 Qh1+ 46.Kg3 Qg1+ 0-1

[Event "20th EUR-ch"]
[Site "Skopje MKD"]
[Date "2019.03.22"]
[Round "5"]
[White "Serarols Mabras, Bernat"]
[Black "Kozul, Zdenko"]
[Result "1-0"]
[WhiteElo "2363"]
[BlackElo "2619"]
[EventDate "2019.03.18"]
[Board "118"]
[PlyCount "41"]

1.d4 g6 2.c4 Bg7 3.g3 c5 4.d5 d6 5.Nc3 Bxc3+ 6.bxc3 Bf5 7.Qa4+ Nd7 8.Nh3 
Nf6 9.f3 O-O 10.Bh6 Re8 11.Nf4 Ne5 12.Bg5 Bd7 13.Qc2 Qa5 14.Kf2 Rab8 15.h4
b5 16.h5 bxc4 17.hxg6 fxg6 18.Qc1 Kf7 19.Bxf6 Kxf6 20.Rxh7 Rh8 21.Nh5+ 1-0

[Event "20th EUR-ch"]
[Site "Skopje MKD"]
[Date "2019.03.22"]
[Round "5"]
[White "Gazik, Viktor"]
[Black "Pogosyan, Stefan"]
[Result "1/2-1/2"]
[WhiteElo "2535"]
[BlackElo "2347"]
[EventDate "2019.03.18"]
[Board "119"]
[PlyCount "132"]

1.f4 d5 2.Nf3 g6 3.g3 Bg7 4.Bg2 c6 5.Nc3 Nh6 6.O-O O-O 7.Kh1 Nd7 8.d3 d4 
9.Ne4 Nf5 10.c3 c5 11.Bd2 Nd6 12.Rc1 Nxe4 13.dxe4 e5 14.cxd4 cxd4 15.Qb3 
exf4 16.gxf4 b6 17.Bb4 Nc5 18.Qa3 d3 19.e3 Nxe4 20.Bxf8 Bxf8 21.Qa4 Bb7 
22.Ng5 Nc5 23.Qc4 Bxg2+ 24.Kxg2 Qd7 25.b4 Na4 26.Qb3 d2 27.Rcd1 Rc8 28.
Nxf7 Qxf7 29.Qxa4 Qd5+ 30.Kg1 Rc3 31.Qe8 Rc7 32.Rf2 Rc1 33.Rff1 Rc7 34.Qe5
Qxe5 35.fxe5 Bxb4 36.a3 Ba5 37.Kf2 Re7 38.Ke2 Rxe5 39.Rf4 Rc5 40.Rd4 Rc7 
41.Rf1 Kg7 42.Rd5 Re7 43.Rf4 Rc7 44.Rf1 Re7 45.h4 Rc7 46.h5 Kh6 47.hxg6 
hxg6 48.Rh1+ Kg7 49.Rd6 g5 50.Rh5 Rc1 51.Rxg5+ Kf7 52.Rgd5 Bc3 53.Rd3 b5 
54.Rd7+ Ke6 55.Kf3 Rh1 56.Kf4 Rh4+ 57.Kg3 Rh5 58.Kf4 Rh4+ 59.Kf3 Rh1 60.
R7d6+ Ke7 61.Ke4 a5 62.Rd7+ Ke8 63.Rd8+ Ke7 64.R8d7+ Ke8 65.Kf5 Rf1+ 66.
Kg6 b4 1/2-1/2

[Event "20th EUR-ch"]
[Site "Skopje MKD"]
[Date "2019.03.22"]
[Round "5"]
[White "Kelires, Andreas"]
[Black "Klabis, Rokas"]
[Result "1-0"]
[WhiteElo "2529"]
[BlackElo "2333"]
[EventDate "2019.03.18"]
[Board "120"]
[PlyCount "61"]

1.d4 Nf6 2.c4 e6 3.g3 d5 4.Bg2 Bb4+ 5.Bd2 Be7 6.Nf3 O-O 7.O-O Nbd7 8.Qc2 
Ne4 9.Be3 c6 10.Nbd2 Nd6 11.Bf4 Nf5 12.e4 dxe4 13.Nxe4 c5 14.d5 exd5 15.
cxd5 Qb6 16.Rad1 Bd6 17.Nxd6 Nxd6 18.Nd2 Rd8 19.Rc1 Nb5 20.Nb3 Nf6 21.Qxc5
Bf5 22.Rfe1 h6 23.h3 Qa6 24.d6 Be6 25.Bf1 Qxa2 26.Rxe6 fxe6 27.Qxb5 a6 28.
Qc4 Nd5 29.Be5 Kf7 30.Ra1 b5 31.Qd3 1-0

[Event "20th EUR-ch"]
[Site "Skopje MKD"]
[Date "2019.03.22"]
[Round "5"]
[White "Dragnev, Valentin"]
[Black "Injac, Teodora"]
[Result "1-0"]
[WhiteElo "2511"]
[BlackElo "2329"]
[EventDate "2019.03.18"]
[Board "121"]
[PlyCount "65"]

1.d4 Nf6 2.c4 g6 3.Nc3 Bg7 4.e4 d6 5.f3 O-O 6.Be3 a6 7.Qd2 Nbd7 8.O-O-O b5
9.e5 Ne8 10.c5 c6 11.f4 Nc7 12.Nf3 b4 13.Ne4 dxc5 14.dxc5 Nd5 15.Bc4 e6 
16.h4 f5 17.Neg5 Qe7 18.Nxe6 Nxe3 19.Qxe3 Nb6 20.Nxf8+ Nxc4 21.Qb3 Bxf8 
22.Qxc4+ Be6 23.Qxb4 a5 24.Qc3 Bxa2 25.Rd6 Qe8 26.h5 Bxd6 27.exd6 Qe4 28.
Nd2 Qxg2 29.Re1 gxh5 30.Qd4 h4 31.d7 Bd5 32.Re8+ Kf7 33.Rxa8 1-0

[Event "20th EUR-ch"]
[Site "Skopje MKD"]
[Date "2019.03.22"]
[Round "5"]
[White "Mirzoev, Emil"]
[Black "Pastar, Slaven"]
[Result "1-0"]
[WhiteElo "2511"]
[BlackElo "2324"]
[EventDate "2019.03.18"]
[Board "122"]
[PlyCount "81"]

1.Nf3 d5 2.c4 c6 3.e3 Nf6 4.Nc3 g6 5.d4 Bg7 6.Be2 O-O 7.O-O Bg4 8.b3 a6 9.
h3 Bxf3 10.Bxf3 b5 11.Bb2 Ra7 12.Qe2 e6 13.e4 dxe4 14.Nxe4 Nxe4 15.Qxe4 c5
16.cxb5 axb5 17.Qe2 cxd4 18.Qxb5 Re8 19.a4 e5 20.Rfe1 f5 21.Bxd4 Ra5 22.
Qc4+ Kh8 23.Bc3 Ra7 24.Rad1 Qe7 25.Bb4 Qg5 26.h4 Qf6 27.Rd6 Qf7 28.Bd5 Qc7
29.Rc1 Qxc4 30.Rxc4 Bf8 31.Rb6 Rd7 32.Bxf8 Rxd5 33.Rd6 Ra5 34.Bh6 Ra7 35.
Re6 Rd8 36.Rxe5 Kg8 37.a5 Nd7 38.Re7 Rxa5 39.Rg7+ Kh8 40.Rxd7 Rxd7 41.Rc8+
1-0

[Event "20th EUR-ch"]
[Site "Skopje MKD"]
[Date "2019.03.22"]
[Round "5"]
[White "Demuth, Adrien"]
[Black "Unuk, Laura"]
[Result "1-0"]
[WhiteElo "2510"]
[BlackElo "2266"]
[EventDate "2019.03.18"]
[Board "123"]
[PlyCount "83"]

1.d4 Nf6 2.Bf4 d5 3.e3 c5 4.Nc3 a6 5.dxc5 Nc6 6.Nf3 e6 7.Qd2 Bxc5 8.Bd3 h6
9.O-O Qe7 10.Ne5 O-O 11.e4 Nxe5 12.Bxe5 Nd7 13.Bg3 d4 14.Ne2 e5 15.f4 b5 
16.f5 Qg5 17.Qe1 Be7 18.h4 Qf6 19.Kh1 Bb7 20.Ng1 Qc6 21.Nf3 f6 22.Qe2 Nc5 
23.Rae1 Rac8 24.Rf2 Na4 25.Rb1 Nc5 26.Re1 Nxd3 27.cxd3 Rc7 28.Bh2 Rfc8 29.
g4 Qe8 30.g5 Qh5 31.gxf6 Rc2 32.Qf1 Bxf6 33.Qg2 Bxh4 34.Nxh4 Qxh4 35.Rg1 
R2c7 36.Rf3 Qf6 37.Rg3 g5 38.fxg6 Rc2 39.Qh3 Rxb2 40.Rf3 Qe7 41.Rf7 Qa3 
42.Rg7+ 1-0

[Event "20th EUR-ch"]
[Site "Skopje MKD"]
[Date "2019.03.22"]
[Round "5"]
[White "Chittka, Julius"]
[Black "Bakalchuk, Johnatan"]
[Result "1/2-1/2"]
[WhiteElo "2288"]
[BlackElo "2471"]
[EventDate "2019.03.18"]
[Board "124"]
[PlyCount "73"]

1.e4 c5 2.Nf3 g6 3.c3 d5 4.e5 Nc6 5.Bb5 Qb6 6.Bxc6+ bxc6 7.O-O Nh6 8.d4 
Bg7 9.h3 O-O 10.dxc5 Qxc5 11.Bf4 f6 12.exf6 exf6 13.Nbd2 Nf7 14.Re1 Qb6 
15.Nb3 Ne5 16.Be3 Qc7 17.Nc5 Bd7 18.Nd4 Rae8 19.Qa4 g5 20.Qc2 f5 21.Bxg5 
f4 22.f3 Bc8 23.Bh4 Qd6 24.b4 Qh6 25.Bf2 Rf6 26.h4 Rg6 27.Kf1 Rf8 28.Re2 
Nc4 29.Rae1 Ne3+ 30.Bxe3 fxe3 31.Rxe3 Bxd4 32.cxd4 Qxh4 33.Qf2 Qh1+ 34.Qg1
Qh5 35.R1e2 Bh3 36.Ke1 Rxf3 37.Rxf3 1/2-1/2

[Event "20th EUR-ch"]
[Site "Skopje MKD"]
[Date "2019.03.22"]
[Round "5"]
[White "Jarvenpaa, Jari"]
[Black "Blohberger, Felix"]
[Result "0-1"]
[WhiteElo "2243"]
[BlackElo "2459"]
[EventDate "2019.03.18"]
[Board "125"]
[PlyCount "116"]

1.e4 c5 2.c3 Nf6 3.e5 Nd5 4.d4 cxd4 5.Qxd4 Nc7 6.Nf3 Nc6 7.Qh4 d6 8.exd6 
Qxd6 9.Bc4 Be6 10.Nbd2 Bxc4 11.Nxc4 Qe6+ 12.Ne3 g6 13.O-O Bg7 14.Ng5 Qc8 
15.Re1 f6 16.Ne4 O-O 17.f4 f5 18.Ng5 h6 19.Nf3 Rf6 20.g4 Qf8 21.g5 Re6 22.
gxh6 Bxh6 23.Bd2 Rd8 24.Nf1 Rd3 25.Ng5 Bxg5 26.Qxg5 Qf6 27.Qg2 Kf7 28.Re2 
Rxe2 29.Qxe2 Qd6 30.Re1 Ne6 31.Be3 Qd5 32.Nd2 Nc5 33.Nf3 Ne4 34.Bd4 Nc5 
35.Ng5+ Ke8 36.Bxc5 Qxc5+ 37.Qf2 Qxf2+ 38.Kxf2 Kd7 39.Nf3 Ke8 40.Re6 Kf7 
41.Rxc6 Rxf3+ 42.Kxf3 bxc6 43.Ke3 e5 44.fxe5 g5 45.b4 Ke6 46.Kd4 g4 47.c4 
f4 48.b5 f3 49.Ke3 Kxe5 50.h4 gxh3 51.Kxf3 cxb5 52.cxb5 Kd5 53.Kg3 Kc5 54.
Kxh3 Kxb5 55.Kg3 Kb4 56.Kf3 Ka3 57.Ke4 Kxa2 58.Kd4 Kb3 0-1

[Event "20th EUR-ch"]
[Site "Skopje MKD"]
[Date "2019.03.22"]
[Round "5"]
[White "Colovic, Aleksandar"]
[Black "Maltsevskaya, Aleksandra"]
[Result "1-0"]
[WhiteElo "2449"]
[BlackElo "2252"]
[EventDate "2019.03.18"]
[Board "126"]
[PlyCount "75"]

1.e4 c6 2.d4 d5 3.e5 Bf5 4.Be3 e6 5.Nd2 c5 6.Bb5+ Nc6 7.Ngf3 cxd4 8.Nxd4 
Ne7 9.c4 a6 10.Ba4 Rb8 11.Rc1 Bd3 12.Qb3 dxc4 13.Nxc4 Bxc4 14.Qxc4 Qa5+ 
15.Rc3 Rc8 16.O-O b5 17.Nxb5 axb5 18.Bxb5 f6 19.b4 Qd8 20.Rd3 Kf7 21.Rxd8 
Nxd8 22.Bc5 Nd5 23.exf6 gxf6 24.Re1 Bxc5 25.bxc5 Nc6 26.Qe4 Ne5 27.f4 Rxc5
28.a4 Ng6 29.Qxe6+ Kg7 30.g3 Rhc8 31.Qd7+ Nde7 32.h4 Rc1 33.Rxc1 Rxc1+ 34.
Kf2 Rc2+ 35.Ke1 Rc3 36.Qg4 Kh8 37.Kd2 Rc7 38.Kd3 1-0

[Event "20th EUR-ch"]
[Site "Skopje MKD"]
[Date "2019.03.22"]
[Round "5"]
[White "Dinev, Dejan"]
[Black "Druska, Juraj"]
[Result "0-1"]
[WhiteElo "2239"]
[BlackElo "2434"]
[EventDate "2019.03.18"]
[Board "127"]
[PlyCount "112"]

1.d4 Nf6 2.c4 e6 3.g3 c5 4.d5 exd5 5.cxd5 d6 6.Nc3 g6 7.Bg2 Bg7 8.Nf3 O-O 
9.O-O Re8 10.Nd2 a6 11.a4 Nbd7 12.Nc4 Ne5 13.Nxe5 Rxe5 14.Bf4 Re8 15.h3 
Rb8 16.Re1 Qc7 17.Rc1 Qe7 18.Qd2 b5 19.axb5 axb5 20.e4 Nd7 21.b4 cxb4 22.
Na2 b3 23.Nb4 b2 24.Rc2 Bb7 25.Nd3 Nb6 26.Rb1 Nc4 27.Qb4 Ra8 28.Rcxb2 Nxb2
29.Nxb2 Be5 30.Bxe5 Qxe5 31.Nd3 Qf6 32.Kh2 Rec8 33.Rb2 Qc3 34.Qxc3 Rxc3 
35.Nb4 Kg7 36.Nc2 Bc8 37.Bf1 b4 38.Nxb4 Rb8 39.Kg2 f5 40.f3 fxe4 41.fxe4 
Re3 42.Nd3 Rxb2+ 43.Nxb2 Rxe4 44.Nc4 Ba6 45.Nxd6 Bxf1+ 46.Kxf1 Re5 47.Kf2 
Kf6 48.Kf3 Rxd5 49.Ne4+ Kf5 50.g4+ Ke5 51.Ng5 Rd3+ 52.Ke2 Ra3 53.Kf2 h6 
54.Nf3+ Kf4 55.Ng1 Ra2+ 56.Ne2+ Ke4 0-1

[Event "20th EUR-ch"]
[Site "Skopje MKD"]
[Date "2019.03.22"]
[Round "5"]
[White "Tomazini, Zan"]
[Black "Zlatin, Alexander"]
[Result "0-1"]
[WhiteElo "2431"]
[BlackElo "2243"]
[EventDate "2019.03.18"]
[Board "128"]
[PlyCount "84"]

1.e4 e5 2.Nf3 Nf6 3.d4 Nxe4 4.dxe5 d5 5.Nbd2 Nc5 6.Nb3 Ne6 7.Nbd4 Nxd4 8.
Qxd4 c5 9.Qf4 Nc6 10.c3 Be6 11.Bd3 Qc7 12.O-O h6 13.Re1 O-O-O 14.h4 Be7 
15.Bd2 Rdg8 16.h5 g5 17.hxg6 fxg6 18.b4 g5 19.Qh2 h5 20.bxc5 h4 21.Nd4 
Nxd4 22.cxd4 g4 23.Qh1 g3 24.f4 h3 25.f5 h2+ 26.Kf1 Rf8 27.Ke2 Bxf5 28.
Bxf5+ Rxf5 29.Rf1 Rhf8 30.Rxf5 Rxf5 31.Rf1 Qd7 32.c6 bxc6 33.Rf3 Rxf3 34.
Kxf3 Bh4 35.Qc1 Qf7+ 36.Bf4 Qg6 37.Qf1 Kd7 38.e6+ Qxe6 39.Qc1 Qe4+ 40.Kg4 
Qg6+ 41.Kh3 Qh5 42.Bxg3 Bxg3+ 0-1

[Event "20th EUR-ch"]
[Site "Skopje MKD"]
[Date "2019.03.22"]
[Round "5"]
[White "Banzea, Alexandru-Bogdan"]
[Black "Ingebretsen, Jens E"]
[Result "1/2-1/2"]
[WhiteElo "2427"]
[BlackElo "2243"]
[EventDate "2019.03.18"]
[Board "129"]
[PlyCount "48"]

1.e4 c6 2.Nc3 d5 3.Nf3 Bg4 4.h3 Bxf3 5.Qxf3 e6 6.d4 dxe4 7.Qxe4 Nf6 8.Qd3 
c5 9.dxc5 Qxd3 10.Bxd3 Bxc5 11.Ne4 Nxe4 12.Bxe4 Nc6 13.c3 O-O-O 14.O-O Ne5
15.b4 Bb6 16.a4 Nd3 17.a5 Bc7 18.Be3 Kb8 19.b5 f5 20.b6 axb6 21.axb6 fxe4 
22.bxc7+ Kxc7 23.Ra4 Rd5 24.Rxe4 Re8 1/2-1/2

[Event "20th EUR-ch"]
[Site "Skopje MKD"]
[Date "2019.03.22"]
[Round "5"]
[White "Radovanovic, Nikola"]
[Black "Di Benedetto, Desiree"]
[Result "1-0"]
[WhiteElo "2426"]
[BlackElo "2236"]
[EventDate "2019.03.18"]
[Board "130"]
[PlyCount "58"]

1.d4 d5 2.c4 e6 3.Nc3 Nf6 4.cxd5 exd5 5.Bg5 c6 6.e3 h6 7.Bh4 Be7 8.Bd3 
Nbd7 9.Qc2 Nh5 10.Bxe7 Qxe7 11.O-O-O Nb6 12.h3 Be6 13.Nge2 O-O-O 14.g4 Nf6
15.Ng3 g6 16.f3 Kb8 17.Kb1 h5 18.Qf2 h4 19.Nge2 Ne8 20.e4 dxe4 21.fxe4 g5 
22.Rhe1 Nc7 23.Ng1 Qb4 24.Nf3 Rhg8 25.Qc2 Qd6 26.Qc1 Qb4 27.a3 Qf8 28.Re2 
Qg7 29.Qd2 Bc4 1-0

[Event "20th EUR-ch"]
[Site "Skopje MKD"]
[Date "2019.03.22"]
[Round "5"]
[White "De Seroux, Camille"]
[Black "Megalios, Konstantinos"]
[Result "0-1"]
[WhiteElo "2160"]
[BlackElo "2416"]
[EventDate "2019.03.18"]
[Board "131"]
[PlyCount "76"]

1.e4 e5 2.Nf3 Nc6 3.Nc3 Nf6 4.Bb5 Bb4 5.O-O O-O 6.Bxc6 dxc6 7.d3 Bd6 8.Ne2
c5 9.Ng3 Re8 10.b3 Nd7 11.Bg5 f6 12.Be3 Nf8 13.Nh4 g6 14.Qd2 Ne6 15.Ne2 
Rf8 16.Bh6 Rf7 17.Nf3 Bd7 18.h3 Kh8 19.Nh2 g5 20.h4 Qg8 21.hxg5 fxg5 22.
Ng3 Qg6 23.Nf5 Rg8 24.Nf3 Qf6 25.Nh2 Qg6 26.Nf3 Qh5 27.b4 Nd4 28.Nxg5 Rxg5
29.Bxg5 Ne2+ 30.Qxe2 Qxe2 31.Rae1 Qh5 32.f4 Bxf5 33.exf5 Rxf5 34.fxe5 
Rxf1+ 35.Rxf1 Qxg5 36.exd6 cxd6 37.bxc5 Qxc5+ 38.Rf2 Qd4 0-1

[Event "20th EUR-ch"]
[Site "Skopje MKD"]
[Date "2019.03.22"]
[Round "5"]
[White "Tica, Sven"]
[Black "Polatel, Ali"]
[Result "1-0"]
[WhiteElo "2416"]
[BlackElo "2220"]
[EventDate "2019.03.18"]
[Board "132"]
[PlyCount "113"]

1.d4 g6 2.g3 f5 3.Bg2 Nf6 4.c3 Bg7 5.Qb3 Na6 6.Nh3 c5 7.O-O Qb6 8.Qxb6 
axb6 9.Na3 Nc7 10.Nf4 d6 11.Rd1 Kf7 12.h3 g5 13.Nd3 h6 14.Nc4 Ra6 15.b3 b5
16.Ne3 b6 17.Bb2 Be6 18.Bb7 Ra7 19.Bc6 Kg6 20.f3 Bd7 21.dxc5 Bxc6 22.cxb6 
Rb7 23.bxc7 Rxc7 24.Nb4 Bb7 25.Kf2 g4 26.Nbc2 gxf3 27.exf3 f4 28.gxf4 Nh5 
29.f5+ Kf7 30.Nd4 Nf4 31.Nxb5 Rc5 32.Nd4 Nxh3+ 33.Ke2 Nf4+ 34.Kd2 Bxd4 35.
cxd4 Ra5 36.a4 h5 37.b4 Raa8 38.b5 h4 39.a5 Rhb8 40.Rg1 Nd5 41.Rh1 Nxe3 
42.Kxe3 Bc8 43.b6 Bxf5 44.Rxh4 Ke6 45.Rh5 Bg6 46.d5+ Kd7 47.Rg5 Bf7 48.Bd4
Ra6 49.f4 Rba8 50.Bc3 Rc8 51.Kd4 Rc5 52.Rb1 Rc8 53.Rg7 Bxd5 54.Kxd5 Rxc3 
55.b7 Rxa5+ 56.Kd4 Rac5 57.b8=Q 1-0

[Event "20th EUR-ch"]
[Site "Skopje MKD"]
[Date "2019.03.22"]
[Round "5"]
[White "Nikitenko, Mihail"]
[Black "Uzumcu, Ahmet Utku"]
[Result "1-0"]
[WhiteElo "2408"]
[BlackElo "2211"]
[EventDate "2019.03.18"]
[Board "133"]
[PlyCount "68"]

1.d4 Nf6 2.Bf4 g6 3.Nc3 d5 4.e3 Bg7 5.h4 h6 6.Nf3 c6 7.Bd3 Nbd7 8.Qd2 b5 
9.Ne5 Nxe5 10.Bxe5 a5 11.f3 h5 12.Qf2 Be6 13.Qg3 Qd7 14.a4 b4 15.Nb5 O-O 
16.Nc7 Rac8 17.Na6 Rce8 18.Nc5 Qc8 19.O-O Bf5 20.e4 dxe4 21.fxe4 Bg4 22.
Bxf6 exf6 23.c3 Qb8 24.Qe3 Qd6 25.cxb4 axb4 26.Bc4 Rd8 27.Nb3 Be6 28.Bxe6 
Qxe6 29.a5 Qg4 30.Qf4 Qe2 31.Qf2 Qc4 32.Qf3 Bh6 33.Rfe1 Rd7 34.Re2 Re8 1-0

[Event "20th EUR-ch"]
[Site "Skopje MKD"]
[Date "2019.03.22"]
[Round "5"]
[White "Duzhakov, Ilya"]
[Black "Tomerlin, Sinisa"]
[Result "0-1"]
[WhiteElo "2405"]
[BlackElo "2192"]
[EventDate "2019.03.18"]
[Board "134"]
[PlyCount "56"]

1.e4 c5 2.Nf3 d6 3.d4 cxd4 4.Nxd4 Nf6 5.Nc3 a6 6.Be3 e5 7.Nf3 Qc7 8.a4 h6 
9.a5 Be6 10.Be2 Nbd7 11.O-O Qc6 12.Qd3 Be7 13.Rfd1 Nc5 14.Bxc5 Qxc5 15.Nd2
Rd8 16.Nb3 Qc8 17.Bf3 O-O 18.Na4 Nd7 19.Qe2 Bc4 20.Qe3 Qc6 21.Qc3 Rc8 22.
Qb4 Rc7 23.Nc3 Nf6 24.Qb6 Be6 25.Qe3 Rfc8 26.Ra4 Qd7 27.Raa1 Rc4 28.Na4 
Rxa4 0-1

[Event "20th EUR-ch"]
[Site "Skopje MKD"]
[Date "2019.03.22"]
[Round "5"]
[White "Gadimbayli, Abdulla"]
[Black "Jandric, Damjan"]
[Result "1/2-1/2"]
[WhiteElo "2404"]
[BlackElo "2171"]
[EventDate "2019.03.18"]
[Board "135"]
[PlyCount "80"]

1.e4 c5 2.Nf3 d6 3.Bb5+ Bd7 4.c4 Nf6 5.Nc3 g6 6.d4 cxd4 7.Nxd4 Bg7 8.O-O 
O-O 9.Qe2 a6 10.Bxd7 Qxd7 11.Rd1 Nc6 12.Be3 Nxd4 13.Bxd4 Qc7 14.Bxf6 Bxf6 
15.Nd5 Qc6 16.Nxf6+ exf6 17.Rd5 Rfe8 18.Qd3 Re6 19.f3 Qb6+ 20.Qd4 Qxd4+ 
21.Rxd4 Rc8 22.Rad1 Rc6 23.R1d3 Kf8 24.Kf2 Ke7 25.b3 Re5 26.f4 Rh5 27.Rd5 
Rxh2 28.Kg1 Rh4 29.g3 Rh5 30.Rxh5 gxh5 31.Kg2 b5 32.cxb5 axb5 33.Rd5 Rc2+ 
34.Kf3 Rxa2 35.Rxb5 Rb2 36.Rb7+ Ke8 37.Rb8+ Ke7 38.Rb7+ Ke8 39.Rb4 Ke7 40.
g4 hxg4+ 1/2-1/2

[Event "20th EUR-ch"]
[Site "Skopje MKD"]
[Date "2019.03.22"]
[Round "5"]
[White "Kamer, Kayra"]
[Black "Chigaeva, Anastasia"]
[Result "1-0"]
[WhiteElo "2397"]
[BlackElo "2167"]
[EventDate "2019.03.18"]
[Board "136"]
[PlyCount "57"]

1.c4 c6 2.e4 d5 3.Nc3 d4 4.Nce2 e5 5.d3 g6 6.f4 Bg7 7.Nf3 exf4 8.Nxf4 Ne7 
9.h4 h5 10.Be2 Nd7 11.Bd2 Nf6 12.Ng5 Ng4 13.c5 O-O 14.O-O b6 15.Bxg4 Bxg4 
16.Qb3 Qd7 17.cxb6 axb6 18.Rf2 Bh6 19.Nfh3 Bxg5 20.Nxg5 Be6 21.Nxe6 fxe6 
22.Rxf8+ Rxf8 23.Qxb6 e5 24.Bh6 Rf6 25.Qb8+ Kh7 26.Qxe5 Rf7 27.Rf1 Ng8 28.
Rxf7+ Qxf7 29.Bg5 1-0

[Event "20th EUR-ch"]
[Site "Skopje MKD"]
[Date "2019.03.22"]
[Round "5"]
[White "Karaoglan, Doruk"]
[Black "Erenberg, Ariel"]
[Result "0-1"]
[WhiteElo "2197"]
[BlackElo "2394"]
[EventDate "2019.03.18"]
[Board "137"]
[PlyCount "58"]

1.e4 c5 2.Nc3 Nc6 3.g3 g6 4.Bg2 Bg7 5.d3 d6 6.f4 Nf6 7.Nf3 O-O 8.O-O Rb8 
9.h3 b5 10.g4 b4 11.Ne2 a5 12.Rb1 a4 13.f5 Nd7 14.Qe1 b3 15.axb3 axb3 16.
c3 Nde5 17.Nf4 Nxf3+ 18.Rxf3 Ne5 19.Rf1 Ba6 20.Qg3 g5 21.Nh5 Bxd3 22.Bxg5 
Bxf1 23.Rxf1 f6 24.Bc1 Kh8 25.Nf4 Rg8 26.Ne6 Qe8 27.Qh4 Qf7 28.Rf2 Ra8 29.
Nc7 Ra1 0-1

[Event "20th EUR-ch"]
[Site "Skopje MKD"]
[Date "2019.03.22"]
[Round "5"]
[White "Di Benedetto, Edoardo"]
[Black "Lahav, Michal"]
[Result "1-0"]
[WhiteElo "2394"]
[BlackElo "2158"]
[EventDate "2019.03.18"]
[Board "138"]
[PlyCount "93"]

1.d4 Nf6 2.c4 e6 3.Nc3 Bb4 4.e3 O-O 5.Ne2 d5 6.a3 Bd6 7.Ng3 dxc4 8.Bxc4 c5
9.dxc5 Bxc5 10.O-O Nc6 11.b4 Be7 12.Bb2 b6 13.Qe2 Bb7 14.Rfd1 Qc7 15.Nb5 
Qb8 16.e4 a6 17.e5 axb5 18.exf6 bxc4 19.Qg4 g6 20.fxe7 Nxe7 21.Bf6 Qc7 22.
Qg5 Qc6 23.f3 Nf5 24.Nxf5 exf5 25.b5 Qc5+ 26.Kh1 Rfe8 27.Rd7 Qf2 28.h3 
Bxf3 29.Bd4 Qe2 30.gxf3 Qxf3+ 31.Qg2 Rxa3 32.Qxf3 Rxf3 33.Re7 Rc8 34.Kg2 
Rb3 35.Raa7 Rf8 36.Re5 Rd8 37.Rd5 Re8 38.Re7 Ra8 39.Re2 c3 40.Rc2 Rc8 41.
Kf3 Kf8 42.Bf6 Rb2 43.Rxb2 cxb2 44.Bxb2 Ke7 45.Bd4 Ke6 46.Re5+ Kd7 47.Bxb6
1-0

[Event "20th EUR-ch"]
[Site "Skopje MKD"]
[Date "2019.03.22"]
[Round "5"]
[White "Saraci, Nderim"]
[Black "Mihov, Filip"]
[Result "1-0"]
[WhiteElo "2391"]
[BlackElo "2152"]
[EventDate "2019.03.18"]
[Board "139"]
[PlyCount "63"]

1.d4 d5 2.Bg5 h6 3.Bh4 Nf6 4.Bxf6 exf6 5.e3 Bd6 6.Nd2 O-O 7.g3 c6 8.Bg2 
Re8 9.Ne2 Nd7 10.O-O f5 11.c4 dxc4 12.Nxc4 Nf6 13.Nxd6 Qxd6 14.Qc2 Be6 15.
Nf4 Rac8 16.Rfc1 g6 17.Qc5 Qb8 18.b4 Ne4 19.Qc2 Bd5 20.h4 Qd6 21.Nxd5 Qxd5
22.Qc4 Qd7 23.Rc2 h5 24.Rac1 Rcd8 25.a4 a6 26.Qe2 f4 27.Bxe4 Rxe4 28.Qf3 
Rde8 29.gxf4 Qe7 30.Rc5 Qxh4 31.Rg5 R8e7 32.Kg2 1-0

[Event "20th EUR-ch"]
[Site "Skopje MKD"]
[Date "2019.03.22"]
[Round "5"]
[White "Kaasen, Tor Fredrik"]
[Black "Maloberti, David"]
[Result "1-0"]
[WhiteElo "2383"]
[BlackElo "2113"]
[EventDate "2019.03.18"]
[Board "140"]
[PlyCount "49"]

1.d4 Nf6 2.c4 g6 3.Nc3 Bg7 4.e4 d6 5.h3 O-O 6.Bg5 c5 7.d5 e6 8.Bd3 exd5 9.
exd5 Re8+ 10.Nge2 Nbd7 11.f4 Qa5 12.O-O h6 13.Bh4 a6 14.a4 Qc7 15.Qc2 Nf8 
16.Ng3 N8h7 17.a5 Bd7 18.Ra3 Rab8 19.Rfa1 g5 20.fxg5 hxg5 21.Nh5 gxh4 22.
Rf1 Qd8 23.Bxh7+ Nxh7 24.Rxf7 Kxf7 25.Qxh7 1-0

[Event "20th EUR-ch"]
[Site "Skopje MKD"]
[Date "2019.03.22"]
[Round "5"]
[White "Aydincelebi, Kagan"]
[Black "Plenkovic, Zdenko"]
[Result "0-1"]
[WhiteElo "2115"]
[BlackElo "2383"]
[EventDate "2019.03.18"]
[Board "141"]
[PlyCount "80"]

1.e4 d5 2.exd5 Qxd5 3.Nc3 Qd6 4.d4 Nf6 5.Nf3 g6 6.Nb5 Qb6 7.Na3 Bg7 8.Nc4 
Qe6+ 9.Nce5 O-O 10.Bc4 Qd6 11.O-O Nc6 12.c3 Ng4 13.Nxc6 Qxc6 14.Qb3 e6 15.
Bf4 Nf6 16.a4 a6 17.a5 b5 18.axb6 cxb6 19.Ne5 Qe4 20.Bg5 b5 21.Bd3 Qb7 22.
Bxf6 Bxf6 23.Rfe1 Qc7 24.Be4 Rb8 25.Nd3 b4 26.cxb4 Bxd4 27.Rec1 Qd8 28.Qc4
e5 29.Rc2 Rb6 30.Ra5 Be6 31.Bd5 Bf5 32.b3 Rb5 33.Rd2 Rxa5 34.bxa5 Qxa5 35.
b4 Qa1+ 36.Qc1 Qxc1+ 37.Nxc1 Rb8 38.Nd3 a5 39.g4 Bxg4 40.bxa5 Rb5 0-1

[Event "20th EUR-ch"]
[Site "Skopje MKD"]
[Date "2019.03.22"]
[Round "5"]
[White "Stoyanov, Tsvetan"]
[Black "Tarun, Kanyamarala"]
[Result "1/2-1/2"]
[WhiteElo "2370"]
[BlackElo "2027"]
[EventDate "2019.03.18"]
[Board "142"]
[PlyCount "76"]

1.e4 c6 2.c4 d5 3.exd5 cxd5 4.cxd5 Nf6 5.Bb5+ Nbd7 6.Nf3 Nxd5 7.Nc3 Nc7 8.
Ba4 g6 9.h4 h5 10.d4 Bg7 11.Bb3 O-O 12.Qc2 e6 13.Bg5 Nf6 14.O-O-O Ncd5 15.
Ne5 Qc7 16.Rh3 b6 17.Qe2 Bb7 18.Bc2 Nb4 19.Bb1 Nc6 20.Nxc6 Bxc6 21.Rg3 b5 
22.Qe5 Qxe5 23.dxe5 Ng4 24.f4 Rac8 25.Kd2 b4 26.Ne4 Bxe4 27.Bxe4 Rc4 28.
Bd3 Rd4 29.Ke2 Rc8 30.Bb1 Rxd1 31.Kxd1 Bf8 32.Kd2 Nf2 33.Rf3 Bc5 34.Ke2 
Ng4 35.Rd3 Bb6 36.Kd2 Ba5 37.Rb3 Rc4 38.Bd3 Rd4 1/2-1/2

[Event "20th EUR-ch"]
[Site "Skopje MKD"]
[Date "2019.03.22"]
[Round "5"]
[White "Risteski, Emil"]
[Black "Filip, Lucian-Ioan"]
[Result "1/2-1/2"]
[WhiteElo "2132"]
[BlackElo "2438"]
[EventDate "2019.03.18"]
[Board "143"]
[PlyCount "40"]

1.e4 c5 2.Nf3 Nc6 3.d4 cxd4 4.Nxd4 Qb6 5.Nb3 Nf6 6.Nc3 e6 7.Be3 Qc7 8.a3 
a6 9.Be2 d6 10.O-O Be7 11.f4 O-O 12.Qe1 b5 13.Qg3 Kh8 14.Rad1 b4 15.axb4 
Nxb4 16.Rd2 Bb7 17.Bf3 Rac8 18.Qf2 Ba8 19.Rfd1 Rb8 20.Ba7 Rb7 1/2-1/2